[Event "BL 1819 SG Solingen - OSG Baden-Baden"]
[Site "?"]
[Date "2019.04.06"]
[Round "14.7"]
[White "Vallejo Pons, Francisco"]
[Black "Andersen, Mads"]
[Result "0-1"]
[WhiteElo "2693"]
[BlackElo "2595"]
[PlyCount "84"]
[EventDate "2019.??.??"]

1. e4 c5 2. Nf3 d6 3. d4 cxd4 4. Nxd4 Nf6 5. Nc3 a6 6. h3 e6 7. g4 d5 8. Bg2
Nxe4 9. Nxe4 dxe4 10. O-O Be7 11. Bxe4 Nd7 12. Re1 Qc7 13. c3 O-O 14. Qf3 Ne5
15. Qg3 Bd6 16. Qh4 f5 17. gxf5 exf5 18. Bd5+ Kh8 19. Bg5 Bd7 20. Re2 Rae8 21.
Rae1 b5 22. Nf3 Ng6 23. Qh5 Rxe2 24. Rxe2 Be8 25. Nd4 Ne5 26. Qh4 Bf7 27. Bxf7
Qxf7 28. Bd2 f4 29. f3 Qxa2 30. Kg2 Qf7 31. Re4 Qg6+ 32. Kf2 Nd3+ 33. Kf1 Nxb2
34. Ne6 Rc8 35. Nd8 Nc4 36. Bc1 Ne5 37. Bxf4 Nxf3 38. Qg4 Rxd8 39. Qxf3 Rf8 40.
Ke2 Bxf4 41. Rxf4 Qc2+ 42. Kf1 Qc1+ 0-1

[Event "BL 1819 SG Solingen - OSG Baden-Baden"]
[Site "?"]
[Date "2019.04.06"]
[Round "14.8"]
[White "Smeets, Jan"]
[Black "Adams, Michael"]
[Result "1/2-1/2"]
[WhiteElo "2602"]
[BlackElo "2698"]
[PlyCount "42"]
[EventDate "2019.??.??"]

1. e4 e5 2. Nf3 Nc6 3. Bb5 Nf6 4. O-O Nxe4 5. Re1 Nd6 6. Nxe5 Be7 7. Bf1 Nf5 8.
Nf3 O-O 9. d4 d5 10. c3 Bd6 11. Bd3 Nce7 12. Nbd2 c6 13. Nf1 g6 14. Bd2 f6 15.
c4 Ng7 16. Qb3 a5 17. Ne3 a4 18. Qc2 Be6 19. b3 axb3 20. axb3 Qd7 21. c5 Bc7
1/2-1/2

[Event "BL 1819 Düsseldorfer SK - SF Deizisau"]
[Site "?"]
[Date "2019.04.06"]
[Round "14.1"]
[White "Leko, Peter"]
[Black "Timman, Jan H"]
[Result "1/2-1/2"]
[WhiteElo "2675"]
[BlackElo "2549"]
[PlyCount "56"]
[EventDate "2019.??.??"]

1. d4 Nf6 2. c4 e6 3. Nf3 b6 4. g3 Ba6 5. b3 Bb4+ 6. Bd2 Be7 7. Bg2 d5 8. cxd5
exd5 9. Nc3 O-O 10. O-O Nbd7 11. Qc2 Rc8 12. a4 c6 13. Rfc1 Re8 14. Bh3 h6 15.
e3 Bd6 16. a5 b5 17. Na2 Qe7 18. b4 Ne4 19. Rcb1 Rc7 20. Nc1 Qf6 21. Bg2 Nf8
22. Nd3 Ng6 23. Bc3 Bc8 24. Bb2 Qf5 25. Nfe5 Bxe5 26. Nxe5 Nxg3 27. Qxf5 Nxf5
28. Rc1 Nfe7 1/2-1/2

[Event "BL 1819 Düsseldorfer SK - SF Deizisau"]
[Site "?"]
[Date "2019.04.06"]
[Round "14.3"]
[White "Bluebaum, Matthias"]
[Black "Stark, Lars"]
[Result "1-0"]
[WhiteElo "2610"]
[BlackElo "2362"]
[PlyCount "75"]
[EventDate "2019.??.??"]

1. d4 Nf6 2. c4 e6 3. Nc3 Bb4 4. e3 O-O 5. Bd2 b6 6. Nf3 Bb7 7. Bd3 d5 8. cxd5
exd5 9. Rc1 a6 10. O-O Nbd7 11. Ne5 Nxe5 12. dxe5 Nd7 13. f4 Nc5 14. Bc2 d4 15.
Na4 Bxd2 16. Qxd2 d3 17. Nxc5 dxc2 18. Qxd8 Rfxd8 19. Nxb7 Rd2 20. h4 Rb8 21.
Kh2 Rxb7 22. Kg3 c5 23. Rf2 Rbd7 24. Rxc2 R2d3 25. Kf3 h5 26. Rfe2 Kf8 27. g4
hxg4+ 28. Kxg4 g6 29. h5 gxh5+ 30. Kxh5 Ke7 31. Kg4 Rd1 32. Kf5 Rc7 33. Rh2 Rc6
34. Rh7 Rg1 35. Rd2 Rg8 36. Ke4 c4 37. f5 b5 38. e6 1-0

[Event "BL 1819 Düsseldorfer SK - SF Deizisau"]
[Site "?"]
[Date "2019.04.06"]
[Round "14.4"]
[White "Coenen, Michael"]
[Black "Meier, Georg"]
[Result "0-1"]
[WhiteElo "2357"]
[BlackElo "2628"]
[PlyCount "115"]
[EventDate "2019.??.??"]

1. e4 e6 2. d4 d5 3. Nc3 Nf6 4. Bg5 dxe4 5. Nxe4 Nbd7 6. Nf3 h6 7. Nxf6+ Nxf6
8. Bf4 c5 9. c3 Qb6 10. Qb3 cxd4 11. Qxb6 axb6 12. Nxd4 Bc5 13. Nb3 Nd5 14.
Nxc5 Nxf4 15. Nd3 Nxd3+ 16. Bxd3 Bd7 17. Be4 Bc6 18. Bxc6+ bxc6 19. Ke2 Ke7 20.
Rhd1 Ra4 21. Rd3 Rha8 22. a3 R8a5 23. Rad1 Re5+ 24. Kf1 Rd5 25. Rxd5 cxd5 26.
Rd4 b5 27. Rb4 Ra5 28. Ke2 Kd6 29. Kd3 e5 30. f3 Kc6 31. Kc2 Ra6 32. Rg4 g6 33.
Rb4 Kc5 34. Kb3 f5 35. Rh4 h5 36. Kc2 e4 37. Rf4 Kd6 38. h4 Ke5 39. g3 Rd6 40.
Kd2 d4 41. cxd4+ Rxd4+ 42. Ke2 Rd3 43. fxe4 fxe4 44. Kf2 Rb3 45. Rf8 Rxb2+ 46.
Ke3 Rb3+ 47. Kf2 Rxa3 48. Re8+ Kd5 49. Rd8+ Kc4 50. Rd6 b4 51. Rxg6 b3 52. Rb6
Ra5 53. Ke3 Rb5 54. Rc6+ Kb4 55. Rc1 b2 56. Rb1 Kc3 57. Kxe4 Kc2 58. Rxb2+ 0-1

[Event "BL 1819 Düsseldorfer SK - SF Deizisau"]
[Site "?"]
[Date "2019.04.06"]
[Round "14.5"]
[White "Keymer, Vincent"]
[Black "Harff, Marcel"]
[Result "1-0"]
[WhiteElo "2516"]
[BlackElo "2412"]
[PlyCount "53"]
[EventDate "2019.??.??"]

1. d4 Nf6 2. c4 e6 3. Nf3 b6 4. g3 Ba6 5. Nbd2 d5 6. Bg2 Bd6 7. Ne5 O-O 8. O-O
c5 9. cxd5 exd5 10. Ndf3 h6 11. b3 Bb7 12. Bb2 Ne4 13. Nh4 Qc8 14. dxc5 Bxc5
15. Rc1 Na6 16. Nd3 Qd7 17. Nxc5 Naxc5 18. b4 Na4 19. Bxg7 Kxg7 20. Bxe4 Kg8
21. Bf5 Qb5 22. Qd4 Qxe2 23. Bc2 b5 24. Rfe1 Qh5 25. Re5 f5 26. Nxf5 Qh3 27.
Re7 1-0

[Event "BL 1819 Düsseldorfer SK - SF Deizisau"]
[Site "?"]
[Date "2019.04.06"]
[Round "14.6"]
[White "Kohlweyer, Bernd"]
[Black "Donchenko, Alexander"]
[Result "0-1"]
[WhiteElo "2328"]
[BlackElo "2584"]
[PlyCount "80"]
[EventDate "2019.??.??"]

1. d4 Nf6 2. c4 e6 3. Nf3 Bb4+ 4. Nbd2 O-O 5. a3 Be7 6. e4 d6 7. Be2 Nfd7 8.
Nb1 e5 9. d5 Nc5 10. Nc3 f5 11. exf5 Bxf5 12. Be3 Nbd7 13. b4 Ne4 14. Nxe4 Bxe4
15. O-O Bf5 16. h3 Qe8 17. Nh2 Nf6 18. Kh1 Kh8 19. Bd3 Bd7 20. Rc1 c6 21. dxc6
bxc6 22. Bb1 a5 23. Nf3 axb4 24. axb4 Qh5 25. Nh2 Qf7 26. Nf3 Qh5 27. Nh2 Rab8
28. Bd2 Qf7 29. Nf3 Qh5 30. Nh2 d5 31. c5 Bd8 32. Kg1 Qe8 33. f4 e4 34. Qe1 d4
35. Rc4 d3 36. g4 Bc7 37. g5 Bxh3 38. Qe3 Qh5 39. gxf6 Rxf6 40. Qxe4 Rg6+ 0-1

[Event "BL 1819 Düsseldorfer SK - SF Deizisau"]
[Site "?"]
[Date "2019.04.06"]
[Round "14.8"]
[White "Agrest, Inna"]
[Black "Kollars, Dmitrij"]
[Result "1/2-1/2"]
[WhiteElo "2276"]
[BlackElo "2570"]
[PlyCount "95"]
[EventDate "2019.??.??"]

1. e4 e5 2. Nf3 Nc6 3. Bb5 a6 4. Ba4 Nge7 5. O-O g6 6. c3 Bg7 7. d4 exd4 8.
cxd4 b5 9. Bb3 d6 10. h3 O-O 11. Nc3 Na5 12. Bc2 c5 13. Re1 Bb7 14. dxc5 dxc5
15. Be3 Qc7 16. Qc1 Rfe8 17. Bf4 Qb6 18. Bh6 Bh8 19. Qf4 Rad8 20. Rad1 c4 21.
Qh4 Bf6 22. Bg5 Kg7 23. Qh6+ Kh8 24. Rxd8 Rxd8 25. e5 Bg7 26. Qh4 Bxf3 27. Bxe7
Rd4 28. Qg5 Ba8 29. e6 fxe6 30. Bc5 Qd8 31. Qxd8+ Rxd8 32. Bb6 Rd2 33. Rxe6
Bxc3 34. bxc3 Rxc2 35. Bd4+ Kg8 36. Rxa6 Rxa2 37. Rxa8+ Kf7 38. Kh2 Ra4 39.
Ra7+ Ke6 40. Rxh7 Nc6 41. Be3 Ra3 42. Rb7 Rb3 43. g4 b4 44. cxb4 Nxb4 45. Rb6+
Kf7 46. Rb7+ Ke6 47. Rb6+ Kf7 48. Rb7+ 1/2-1/2

[Event "BL 1819 Hamburger SK - USV TU Dresden"]
[Site "?"]
[Date "2019.04.06"]
[Round "14.1"]
[White "Nisipeanu, Liviu-Dieter"]
[Black "Svane, Rasmus"]
[Result "0-1"]
[WhiteElo "2680"]
[BlackElo "2605"]
[PlyCount "134"]
[EventDate "2019.??.??"]

1. e4 e5 2. Nf3 Nc6 3. Bb5 a6 4. Ba4 Nf6 5. O-O Be7 6. d3 b5 7. Bb3 d6 8. a3
Na5 9. Ba2 c5 10. Nc3 Be6 11. Bg5 O-O 12. Bxf6 Bxf6 13. Nd5 g6 14. b4 Nc6 15.
c3 Bg7 16. Qe2 Rc8 17. Ne3 Bd7 18. h4 Bh6 19. bxc5 dxc5 20. Bd5 Qe7 21. a4 b4
22. Nc4 Bg4 23. Bxc6 Rxc6 24. Ncxe5 Qxe5 25. Nxe5 Bxe2 26. Nxc6 Bxf1 27. Kxf1
bxc3 28. Ra2 Re8 29. Rc2 Bg7 30. f4 Bd4 31. Ke2 Re6 32. Na5 Rb6 33. Nc4 Rb1 34.
e5 h5 35. Kf3 Kf8 36. Ne3 Rb2 37. Rc1 Rd2 38. Nc4 Rf2+ 39. Kg3 Ra2 40. a5 Ke7
41. Kf3 Rf2+ 42. Kg3 Ke6 43. Rb1 c2 44. Rc1 Kd5 45. Nb6+ Kc6 46. Nc4 Kd7 47.
Kh3 Rxf4 48. Rxc2 Rf1 49. Ra2 Ke6 50. Ra3 Rh1+ 51. Kg3 Bxe5+ 52. Nxe5 Kxe5 53.
Rb3 Ra1 54. Rb7 f6 55. Re7+ Kf5 56. Rc7 Rxa5 57. Rc6 Rb5 58. Kf3 a5 59. Ra6 Rb3
60. Ke3 c4 61. Rxa5+ Kg4 62. Ra6 Rxd3+ 63. Ke2 Kf5 64. Rc6 Rd4 65. g3 Ke5 66.
Rc5+ Kd6 67. Rc8 Rg4 0-1

[Event "BL 1819 Hamburger SK - USV TU Dresden"]
[Site "?"]
[Date "2019.04.06"]
[Round "14.2"]
[White "Huschenbeth, Niclas"]
[Black "Bartel, Mateusz"]
[Result "0-1"]
[WhiteElo "2608"]
[BlackElo "2593"]
[PlyCount "64"]
[EventDate "2019.??.??"]

1. e4 c6 2. d4 d5 3. e5 Bf5 4. Nf3 e6 5. Be2 Ne7 6. c3 Ng6 7. O-O f6 8. c4 fxe5
9. dxe5 Bc5 10. b4 Bxb4 11. Qb3 Bc5 12. Qxb7 O-O 13. Qxa8 Qb6 14. Nc3 Nd7 15.
Na4 Qc7 16. Qxf8+ Bxf8 17. Nd4 Qxe5 18. Be3 Nf4 19. Bf3 Nh3+ 20. Kh1 Bd6 21. g3
Be4 22. Bg2 Qh5 23. cxd5 exd5 24. f3 Bd3 25. Rfd1 Ne5 26. Rac1 Be2 27. Nxe2
Nxf3 28. Bxh3 Qxh3 29. Bg1 Nh4 30. Nf4 Bxf4 31. Rc2 Qf5 32. Re2 Qh5 0-1

[Event "BL 1819 Hamburger SK - USV TU Dresden"]
[Site "?"]
[Date "2019.04.06"]
[Round "14.4"]
[White "Lampert, Jonas"]
[Black "Boensch, Uwe"]
[Result "0-1"]
[WhiteElo "2537"]
[BlackElo "2525"]
[PlyCount "112"]
[EventDate "2019.??.??"]

1. e4 c5 2. Nf3 Nc6 3. d4 cxd4 4. Nxd4 Qb6 5. Nb3 Nf6 6. Nc3 e6 7. Qe2 d6 8.
Be3 Qc7 9. g4 h6 10. O-O-O a6 11. h4 Ne5 12. Rg1 b5 13. g5 hxg5 14. hxg5 Nfd7
15. f4 Nc4 16. g6 Nf6 17. f5 fxg6 18. Bg5 Qa7 19. fxe6 Qxg1 20. Bg2 Qh2 21. e5
Qxe5 22. Bc6+ Kd8 23. Qxe5 Nxe5 24. Bxa8 Bxe6 25. Nc5 Bg4 26. Rd4 Rh5 27. Bf4
Nc6 28. Bxc6 Rxc5 29. Bb7 a5 30. a3 Bd7 31. Bg2 Kc7 32. Bd2 a4 33. Bf1 Rh5 34.
Kd1 Bc6 35. Bd3 Be7 36. Bxg6 Rh1+ 37. Ke2 Rh2+ 38. Ke1 Rh1+ 39. Kf2 Rh2+ 40.
Ke1 Rh1+ 41. Ke2 d5 42. Bf4+ Kb6 43. Be5 Bc5 44. Rd3 Rg1 45. Bf5 Rg2+ 46. Kd1
Rg5 47. Bxf6 gxf6 48. Bh7 d4 49. Ne2 f5 50. b4 axb3 51. cxb3 Rh5 52. b4 Rxh7
53. bxc5+ Kxc5 54. Rxd4 Bf3 55. Rd3 Bg4 56. Rc3+ Kb6 0-1

[Event "BL 1819 Hamburger SK - USV TU Dresden"]
[Site "?"]
[Date "2019.04.06"]
[Round "14.6"]
[White "Heinemann, Thies"]
[Black "Tischbierek, Raj"]
[Result "1/2-1/2"]
[WhiteElo "2497"]
[BlackElo "2435"]
[PlyCount "64"]
[EventDate "2019.??.??"]

1. e4 c5 2. Nf3 e6 3. g3 Nc6 4. Bg2 Nf6 5. Qe2 d5 6. exd5 Nxd5 7. O-O Be7 8.
Rd1 Bf6 9. Nc3 Nxc3 10. bxc3 O-O 11. d4 Qa5 12. Qc4 cxd4 13. cxd4 Bd7 14. Qb3
Qh5 15. Bf4 Na5 16. Qb4 Qb5 17. Qe1 Bc6 18. Rab1 Qd5 19. Nh4 Qd8 20. Bxc6 Nxc6
21. Qe4 Bxh4 22. Rxb7 Rc8 23. gxh4 Qxh4 24. Re1 Rfd8 25. c3 Ne7 26. Bd2 Qxe4
27. Rxe4 Nd5 28. Rxa7 Nxc3 29. Bxc3 Rxc3 30. d5 exd5 31. Ree7 Rf3 32. Red7 Rb8
1/2-1/2

[Event "BL 1819 Hamburger SK - USV TU Dresden"]
[Site "?"]
[Date "2019.04.06"]
[Round "14.7"]
[White "Hoffmann, Paul"]
[Black "Engel, Luis"]
[Result "0-1"]
[WhiteElo "2390"]
[BlackElo "2490"]
[PlyCount "226"]
[EventDate "2019.??.??"]

1. e4 c5 2. Nf3 d6 3. Bb5+ Nd7 4. O-O a6 5. Bd3 Ngf6 6. c3 b5 7. a4 c4 8. Bc2
Bb7 9. d3 e6 10. axb5 axb5 11. Rxa8 Qxa8 12. Na3 cxd3 13. Bxd3 Nxe4 14. Nxb5
Qb8 15. b4 Be7 16. Re1 d5 17. Nfd4 Bf6 18. c4 Be5 19. Nf3 Nc3 20. Nxc3 Bxc3 21.
Bd2 Bxd2 22. Nxd2 O-O 23. c5 Qf4 24. Qc2 g6 25. Nf3 Rc8 26. Bb5 Bc6 27. Bxc6
Rxc6 28. Qa4 Rc7 29. Qa5 Rc8 30. Qa6 Qc7 31. Nd4 Rb8 32. c6 Nb6 33. Rc1 Nc4 34.
Rxc4 dxc4 35. Qxc4 Qd6 36. Nb5 Qd1+ 37. Qf1 Qxf1+ 38. Kxf1 Rc8 39. Na7 Rc7 40.
b5 Rxa7 41. b6 Ra1+ 42. Ke2 Rb1 43. b7 Kg7 44. Kd3 Kf6 45. c7 Rxb7 46. c8=Q Rb5
47. Qh8+ Ke7 48. h4 h5 49. g3 Rf5 50. Qc8 Rd5+ 51. Ke4 Rd8 52. Qc5+ Ke8 53. f3
Rd5 54. Qc8+ Rd8 55. Qc5 Rd5 56. Qb4 g5 57. hxg5 Rxg5 58. Ke3 Rd5 59. Kf2 Rf5
60. Kg2 Rd5 61. Kh3 Rf5 62. Kg2 Rd5 63. Kh2 Rg5 64. Kh3 Rf5 65. Kh4 Rd5 66. Qa3
Rf5 67. g4 hxg4 68. fxg4 Rd5 69. Qb4 f6 70. Qb7 Kf8 71. Qc7 Rg5 72. Qd7 e5 73.
Kg3 Rg7 74. Qe6 Rf7 75. Kf3 e4+ 76. Qxe4 Kg7 77. Kf4 Rc7 78. Qe6 Rc1 79. Qd7+
Kg6 80. Qd3+ Kg7 81. g5 fxg5+ 82. Kxg5 Rc5+ 83. Kf4 Rc7 84. Qd4+ Kf7 85. Qd5+
Ke8 86. Ke5 Rd7 87. Qg8+ Ke7 88. Qg5+ Kf7 89. Qf4+ Ke7 90. Qc4 Kd8 91. Qc5 Re7+
92. Kd6 Rd7+ 93. Ke6 Rb7 94. Qf8+ Kc7 95. Kd5 Rb5+ 96. Kc4 Ra5 97. Qe7+ Kc6 98.
Qe6+ Kb7 99. Kb4 Ra6 100. Qd7+ Kb6 101. Qc8 Ka7 102. Qc7+ Ka8 103. Qd7 Rb6+
104. Ka5 Rb7 105. Qd8+ Ka7 106. Qc8 Rb5+ 107. Ka4 Ra5+ 108. Kb4 Rb5+ 109. Kc4
Rb6 110. Qd7+ Rb7 111. Qd8 Rb8 112. Qa5+ Kb7 113. Kd5 Rc8 0-1

[Event "BL 1819 Hamburger SK - USV TU Dresden"]
[Site "?"]
[Date "2019.04.06"]
[Round "14.8"]
[White "Sebastian, Dirk"]
[Black "Moehn, Hans"]
[Result "0-1"]
[WhiteElo "2455"]
[BlackElo "2374"]
[PlyCount "78"]
[EventDate "2019.??.??"]

1. e4 c5 2. Nf3 e6 3. g3 d5 4. exd5 exd5 5. d4 Nf6 6. Bg2 Be7 7. O-O O-O 8. Nc3
Nc6 9. Be3 c4 10. b3 cxb3 11. axb3 Bf5 12. Na4 Rc8 13. c3 b6 14. Ne5 Ne4 15. g4
Be6 16. Nxc6 Rxc6 17. c4 f5 18. f3 Nf6 19. g5 Ne8 20. f4 Nc7 21. Nb2 a5 22. Nd3
Na6 23. Ne5 Rc8 24. Qe2 Nb4 25. Rfd1 Bd6 26. Rac1 Qe7 27. Bd2 Bxe5 28. dxe5
dxc4 29. bxc4 Rfd8 30. Be3 Rxd1+ 31. Qxd1 Rxc4 32. Rxc4 Bxc4 33. Bxb6 Nd3 34.
Qa4 Qe6 35. Be3 Nxf4 36. Qxa5 Nxg2 37. Qd8+ Kf7 38. Kxg2 f4 39. Qc7+ Kg6 0-1

[Event "BL 1819 SG Turm Kiel - SF Berlin"]
[Site "?"]
[Date "2019.04.06"]
[Round "14.1"]
[White "Piorun, Kacper"]
[Black "Salgado Lopez, Ivan"]
[Result "1/2-1/2"]
[WhiteElo "2660"]
[BlackElo "2601"]
[PlyCount "41"]
[EventDate "2019.??.??"]

1. e4 e5 2. Nf3 Nc6 3. Bb5 Nf6 4. d3 Bc5 5. Bxc6 dxc6 6. Qe2 Nd7 7. Nc3 O-O 8.
O-O Re8 9. Bg5 f6 10. Be3 Bd6 11. d4 Qe7 12. Rfe1 Qf7 13. Rad1 a5 14. dxe5 Nxe5
15. Nxe5 Bxe5 16. Bd4 Bf4 17. Be3 Be5 18. Bd4 Bf4 19. Be3 Be5 20. Bd4 Bf4 21.
Be3 1/2-1/2

[Event "BL 1819 SG Turm Kiel - SF Berlin"]
[Site "?"]
[Date "2019.04.06"]
[Round "14.2"]
[White "Dziuba, Marcin"]
[Black "Moranda, Wojciech"]
[Result "1/2-1/2"]
[WhiteElo "2559"]
[BlackElo "2597"]
[PlyCount "71"]
[EventDate "2019.??.??"]

1. d4 Nf6 2. c4 e6 3. Nf3 d5 4. g3 dxc4 5. Bg2 a6 6. O-O b5 7. Ne5 Nd5 8. e4
Nf6 9. a4 Bb7 10. axb5 axb5 11. Rxa8 Bxa8 12. Nc3 c6 13. Nxf7 Kxf7 14. e5 Nd5
15. Ne4 Bb7 16. Ng5+ Kg8 17. Nxe6 Qe8 18. Nxf8 Qxf8 19. f4 Qf5 20. Qe1 Ne7 21.
b3 Kf7 22. bxc4 bxc4 23. Ba3 Re8 24. Bd6 Qd3 25. Qb4 Qb3 26. Rb1 Qxb4 27. Rxb4
Ba6 28. Rxb8 Rxb8 29. Bxb8 Nf5 30. Bxc6 c3 31. Bd5+ Ke8 32. Be4 Nxd4 33. Bxh7
c2 34. Bxc2 Nxc2 35. Kf2 Bc8 36. Ba7 1/2-1/2

[Event "BL 1819 SG Turm Kiel - SF Berlin"]
[Site "?"]
[Date "2019.04.06"]
[Round "14.3"]
[White "Tomczak, Jacek"]
[Black "Khenkin, Igor"]
[Result "1/2-1/2"]
[WhiteElo "2628"]
[BlackElo "2548"]
[PlyCount "40"]
[EventDate "2019.??.??"]

1. e4 c6 2. d4 d5 3. e5 c5 4. dxc5 e6 5. a3 Bxc5 6. b4 Be7 7. Qg4 Kf8 8. Nf3 a5
9. b5 Nd7 10. Bd3 f6 11. Bb2 Nh6 12. Qg3 Nf7 13. exf6 Bxf6 14. Bxf6 Qxf6 15. c3
e5 16. Bc2 Nc5 17. O-O Bf5 18. Bxf5 Qxf5 19. Nbd2 Re8 20. Rae1 g6 1/2-1/2

[Event "BL 1819 SG Turm Kiel - SF Berlin"]
[Site "?"]
[Date "2019.04.06"]
[Round "14.5"]
[White "Schreiner, Peter"]
[Black "Hector, Jonny"]
[Result "1/2-1/2"]
[WhiteElo "2477"]
[BlackElo "2478"]
[PlyCount "133"]
[EventDate "2019.??.??"]

1. d4 d5 2. c4 c6 3. Nf3 Nf6 4. e3 Bf5 5. Nc3 e6 6. Nh4 Be4 7. f3 Bg6 8. Qb3
Qb6 9. Nxg6 hxg6 10. Bd2 Nbd7 11. g3 Be7 12. O-O-O g5 13. Bg2 Rc8 14. Kb1 Qxb3
15. axb3 a6 16. e4 dxe4 17. Bxg5 exf3 18. Bxf3 Bd6 19. Ne2 Kf8 20. Rdf1 e5 21.
dxe5 Bxe5 22. h4 Nc5 23. Kc2 Ne6 24. Be3 Rd8 25. Rd1 Ke7 26. b4 g6 27. b3 Nh5
28. g4 Ng3 29. Nxg3 Bxg3 30. h5 Rxd1 31. Rxd1 Bd6 32. c5 Bf4 33. Bf2 Be5 34.
Re1 Kf6 35. Rd1 Nc7 36. Be3 gxh5 37. gxh5 Ke6 38. h6 f5 39. Re1 Nb5 40. Rh1 Rd8
41. Be2 Nc7 42. h7 Nd5 43. Bc4 Kf7 44. Rh5 Bg7 45. Bxd5+ cxd5 46. Rxf5+ Kg6 47.
Rf3 d4 48. Bf2 Kxh7 49. Kd3 Kg6 50. Rg3+ Kf7 51. Rg4 Rd7 52. Bxd4 Bxd4 53. Rxd4
Ke6 54. Kc4 Rxd4+ 55. Kxd4 Kd7 56. Kc3 Kc7 57. Kd3 Kd7 58. Kc3 Kc7 59. Kb2 Kc6
60. Ka2 b6 61. cxb6 Kxb6 62. Kb2 Kb5 63. Kc3 Kb6 64. Kb2 Kc6 65. Kc2 Kb5 66.
Kc3 Kb6 67. Kc4 1/2-1/2

[Event "BL 1819 SG Turm Kiel - SF Berlin"]
[Site "?"]
[Date "2019.04.06"]
[Round "14.6"]
[White "Pakleza, Zbigniew"]
[Black "Abel, Dennes"]
[Result "1-0"]
[WhiteElo "2498"]
[BlackElo "2478"]
[PlyCount "53"]
[EventDate "2019.??.??"]

1. c4 c6 2. Nf3 d5 3. e3 Nf6 4. Nc3 e6 5. d4 Nbd7 6. Qc2 b6 7. cxd5 exd5 8. Bd3
Bb7 9. O-O Bd6 10. e4 dxe4 11. Nxe4 Be7 12. Bg5 g6 13. Bh6 Ng4 14. Bg7 Rg8 15.
Be5 Ndxe5 16. dxe5 Qc7 17. Nd6+ Bxd6 18. exd6 Qxd6 19. Rad1 Qf6 20. Bc4 Bc8 21.
Qd2 g5 22. Qb4 Qe7 23. Rfe1 Be6 24. Qc3 Nf6 25. Bxe6 fxe6 26. Qxc6+ Kf7 27.
Nxg5+ 1-0

[Event "BL 1819 SG Turm Kiel - SF Berlin"]
[Site "?"]
[Date "2019.04.06"]
[Round "14.7"]
[White "Blohberger, Felix"]
[Black "Hoi, Carsten"]
[Result "1-0"]
[WhiteElo "2464"]
[BlackElo "2354"]
[PlyCount "141"]
[EventDate "2019.??.??"]

1. e4 e6 2. d4 d5 3. Nd2 Nf6 4. e5 Nfd7 5. Bd3 c5 6. c3 b6 7. Nh3 Ba6 8. Bxa6
Nxa6 9. O-O Be7 10. Qg4 g6 11. Qe2 Nc7 12. Nf3 h6 13. Nf4 Qc8 14. Be3 Qa6 15.
Qd2 O-O-O 16. Nd3 g5 17. a4 c4 18. Nb4 Qb7 19. Qc2 Kb8 20. Na2 Ka8 21. Nc1 Rc8
22. Ne2 Nb8 23. Ng3 Ne8 24. Nh5 f5 25. exf6 Nxf6 26. Nxf6 Bxf6 27. Rae1 Nc6 28.
Qg6 Qg7 29. Qxg7 Bxg7 30. h4 g4 31. Nh2 h5 32. Bf4 Rce8 33. Re3 Bh6 34. Bxh6
Rxh6 35. Rfe1 Kb7 36. f3 gxf3 37. Nxf3 Kc7 38. Ng5 Kd7 39. Rf1 Re7 40. Rf8 Nd8
41. Ref3 Nc6 42. R3f7 Rxf7 43. Rxf7+ Ne7 44. Nf3 Ke8 45. Ne5 a6 46. Kh2 b5 47.
a5 Nc6 48. Rb7 Nxa5 49. Ra7 Nb3 50. Rxa6 Rf6 51. Rb6 Nd2 52. Rxb5 Nf1+ 53. Kg1
Nd2 54. Rb8+ Ke7 55. Rb7+ Ke8 56. Rh7 Rf5 57. Kh2 Nf1+ 58. Kh3 Ne3 59. Nf3 Nd1
60. Ng5 Nf2+ 61. Kg3 Ne4+ 62. Nxe4 dxe4 63. Ra7 Rb5 64. Ra2 Rf5 65. Ra1 Kf7 66.
Re1 Kf6 67. Rxe4 Rb5 68. Re2 Kf5 69. Kf3 Rb6 70. g3 Rb7 71. Re5+ 1-0

[Event "BL 1819 SG Turm Kiel - SF Berlin"]
[Site "?"]
[Date "2019.04.06"]
[Round "14.8"]
[White "Bromann, Thorbjorn"]
[Black "Seyb, Alexander"]
[Result "1-0"]
[WhiteElo "2387"]
[BlackElo "2429"]
[PlyCount "117"]
[EventDate "2019.??.??"]

1. d4 Nf6 2. Bg5 Ne4 3. Bf4 c5 4. f3 Qa5+ 5. c3 Nf6 6. d5 e6 7. e4 d6 8. Qd2
exd5 9. exd5 Be7 10. c4 Qxd2+ 11. Bxd2 Bf5 12. Nc3 h5 13. Nge2 Nbd7 14. Nc1 Ne5
15. f4 Neg4 16. Bd3 Nh6 17. O-O Kd7 18. a4 Rhe8 19. a5 Bf8 20. a6 b6 21. Re1
Rxe1+ 22. Bxe1 Ne8 23. Nb5 Nc7 24. Nxc7 Kxc7 25. Bf1 Ng4 26. Ra3 Re8 27. Bd2 g6
28. h3 Nf6 29. b4 Ne4 30. Be1 Bg7 31. Nd3 Bd4+ 32. Kh2 f6 33. b5 g5 34. g3 Kd7
35. Kg2 Re7 36. Kh2 Re8 37. Kg2 Kc7 38. Kh2 Be3 39. fxg5 fxg5 40. Be2 Nf6 41.
Bf1 Kd7 42. Ra2 h4 43. Bf2 hxg3+ 44. Bxg3 Rh8 45. Nf2 Bxf2 46. Bxf2 Bxh3 47.
Bxh3+ g4 48. Ra3 Ne4 49. Be1 Ng5 50. Bd2 Ne4 51. Be1 Ke7 52. Re3 Rxh3+ 53. Rxh3
gxh3 54. Ba5 Kd7 55. Bxb6 Nd2 56. Bxa7 Nxc4 57. b6 Nxb6 58. Bxb6 Kc8 59. Kxh3
1-0

[Event "BL 1819 BCA Augsburg - SV 1920 Hofheim"]
[Site "?"]
[Date "2019.04.06"]
[Round "14.1"]
[White "Volokitin, Andrei"]
[Black "Prusikin, Michael"]
[Result "1-0"]
[WhiteElo "2637"]
[BlackElo "2525"]
[PlyCount "103"]
[EventDate "2019.??.??"]

1. e4 e6 2. d4 d5 3. Nc3 Nf6 4. e5 Nfd7 5. f4 c5 6. Nf3 Nc6 7. Be3 cxd4 8. Nxd4
Bc5 9. Qd2 Nxd4 10. Bxd4 Bxd4 11. Qxd4 Qb6 12. Qxb6 Nxb6 13. Nb5 Ke7 14. h4 f6
15. Rh3 fxe5 16. fxe5 Bd7 17. Nd4 Rhf8 18. Rg3 Rf4 19. O-O-O g6 20. h5 gxh5 21.
Rg7+ Rf7 22. Rg5 h4 23. Bd3 Raf8 24. Rh1 Rf4 25. Nf3 h6 26. Rg6 Nc4 27. Bxc4
dxc4 28. Rxh6 Bc6 29. Rh7+ Kd8 30. R1xh4 Rxh4 31. Rxh4 Bxf3 32. gxf3 Rxf3 33.
Rd4+ Ke7 34. Rxc4 Kd7 35. Rd4+ Ke7 36. Ra4 a6 37. Rb4 b5 38. a4 Rf1+ 39. Kd2
Rf2+ 40. Kd3 Rf3+ 41. Kd4 bxa4 42. Kc5 a3 43. Rb7+ Kd8 44. Kd6 Kc8 45. Rc7+ Kb8
46. bxa3 Rxa3 47. Rc4 Ra1 48. Kxe6 Kb7 49. Kd7 Rd1+ 50. Ke7 a5 51. e6 Re1 52.
Kd7 1-0

[Event "BL 1819 BCA Augsburg - SV 1920 Hofheim"]
[Site "?"]
[Date "2019.04.06"]
[Round "14.3"]
[White "Perske, Thore"]
[Black "Pitl, Gregory"]
[Result "1-0"]
[WhiteElo "2450"]
[BlackElo "2377"]
[PlyCount "113"]
[EventDate "2019.??.??"]

1. e4 c5 2. Nf3 e6 3. c3 Nf6 4. e5 Nd5 5. Bc4 Nb6 6. Bb3 Nc6 7. d4 cxd4 8. cxd4
d6 9. exd6 Bxd6 10. O-O Nd5 11. Bg5 Be7 12. Bxd5 Bxg5 13. Bxc6+ bxc6 14. Nxg5
Qxg5 15. Qd2 Qe7 16. Qe3 O-O 17. Nd2 Rd8 18. Nf3 Rb8 19. b3 Rb5 20. Rfc1 Qf6
21. Rc3 Rf5 22. Rac1 Bb7 23. Rc5 h6 24. h3 Rdd5 25. Ne5 Rd8 26. Nf3 Rdd5 27. b4
Rd8 28. R1c3 Ba6 29. Ra3 Rxc5 30. bxc5 Bc4 31. Rxa7 Bd5 32. Ne5 Rf8 33. Nd7 Qe7
34. Qa3 Rd8 35. Ne5 Qg5 36. Qg3 Qxg3 37. fxg3 f6 38. Ng6 Be4 39. Nf4 Rxd4 40.
Nxe6 Rd2 41. Rxg7+ Kh8 42. Rg4 f5 43. Rg6 Kh7 44. Nf4 Rxa2 45. Re6 Rc2 46. Re5
Kg7 47. g4 Rc1+ 48. Kf2 Rc2+ 49. Kg3 Rc3+ 50. Kh4 Rc4 51. g5 Bxg2 52. gxh6+
Kxh6 53. Re6+ Kg7 54. Kg5 Bd5 55. Re7+ Kg8 56. Ng6 Re4 57. Kf6 1-0

[Event "BL 1819 BCA Augsburg - SV 1920 Hofheim"]
[Site "?"]
[Date "2019.04.06"]
[Round "14.4"]
[White "Stankovic, Milos"]
[Black "Ginsburg, Gennadi"]
[Result "1-0"]
[WhiteElo "2465"]
[BlackElo "2430"]
[PlyCount "73"]
[EventDate "2019.??.??"]

1. e4 c5 2. Nf3 d6 3. d4 cxd4 4. Nxd4 Nf6 5. Nc3 a6 6. Be2 Nc6 7. O-O e5 8. Nf3
h6 9. Nd2 Be7 10. Nc4 b5 11. Ne3 Nd4 12. Bd3 O-O 13. a4 bxa4 14. Rxa4 Qd7 15.
b3 Bb7 16. Ncd5 Nxd5 17. Nxd5 Bxd5 18. exd5 Qb7 19. Be3 Bf6 20. Qg4 Rfe8 21.
Qe4 g6 22. Bxh6 Bg7 23. Be3 f5 24. Qh4 Kf7 25. Qg3 Qc7 26. Rc4 Qd7 27. f4 e4
28. Bxd4 Bxd4+ 29. Rxd4 Qa7 30. c3 exd3 31. Qxd3 Re4 32. g4 Rc8 33. gxf5 gxf5
34. Qh3 Rg8+ 35. Kh1 Rxd4 36. Qxf5+ Ke7 37. Qh7+ 1-0

[Event "BL 1819 BCA Augsburg - SV 1920 Hofheim"]
[Site "?"]
[Date "2019.04.06"]
[Round "14.6"]
[White "Kukov, Velislav"]
[Black "Lobzhanidze, Davit"]
[Result "1/2-1/2"]
[WhiteElo "2351"]
[BlackElo "2424"]
[PlyCount "52"]
[EventDate "2019.??.??"]

1. Nf3 Nf6 2. g3 d5 3. Bg2 e6 4. O-O Be7 5. d3 b6 6. Nbd2 Bb7 7. e4 c5 8. e5
Nfd7 9. Re1 Nc6 10. c3 Qc7 11. Qe2 g5 12. h3 h5 13. Nf1 g4 14. hxg4 hxg4 15.
N3h2 Qxe5 16. Nxg4 Qxe2 17. Rxe2 O-O-O 18. Bf4 Nf8 19. Nh6 Rh7 20. Ng8 Ng6 21.
Nxe7+ Ncxe7 22. Bg5 Rd7 23. Nh2 Rh5 24. f4 Rh8 25. Ng4 Nf5 26. Kf2 d4 1/2-1/2